| 000 | 00000nam##2200000za#4500 |
| 001 | 9.643442 |
| 003 | CaOODSP |
| 005 | 20210624224154 |
| 007 | cr ||||||||||| |
| 008 | 150407|2002||||xxc|||||o f|0| 0 fre|d |
| 040 | |aCaOODSP|bfre |
| 043 | |an-cn--- |
| 086 | 1 |aA22-272/2002F-PDF1 |
| 110 | 1 |aCanada. |bAgriculture et agroalimentaire Canada. |bSecrétariat rural. |
| 245 | 10|aMigration des jeunes des régions rurales : |h[ressource électronique]|bexplorer la réalité derrière les mythes / |cpar R.A. Malatest & Associates Ltd. |
| 246 | 1 |aJeunes des régions rurales, phase II |
| 260 | |aOttawa - Ontario : |bAgriculture et Agroalimentaire Canada. |c2002. |
| 300 | |a60p.|bgraphiques, tableaux |
| 500 | |aPublication historique numérisée par Agriculture et Agroalimentaire Canada. -- «Jeunes des régions rurales, phase II»--en tête du titre. -- «Un document de travail sur les jeunes des régions rurales»--p. 1 de 60. «Recherche dans le cadre du Partenariat rural canadien»--p. 1 de 60. |
| 590 | |a15-01-Supp|b2015-01-26 |
| 691 | 07|aCommunauté rurale|2gcpds |
| 691 | 07|aJeunesse|2gcpds |
| 775 | 08|tRural youth migration : |w(CaOODSP)9.699473 |
| 776 | 0#|tJeunes des régions rurales, phase II, Migration des jeunes des régions rurales : |w(CaOODSP)9.682148 |
| 856 | 40|ahttp://publications.gc.ca|qPDF|s2.3 Mo|uhttps://publications.gc.ca/collections/collection_2014/aac-aafc/agrhist/A22-272-2002-fra.pdf |